000 00866cam a22002777a 4500
003 CHAP
005 20220329141358.0
008 971013s1987 r 00010 d
010 _a67287
011 _a68259
035 _a77731
040 _cCHAP
082 _a631.7
_bC76
110 _aComisión de Estudios de la Cuenca del Río Pánuco. México
_925675
245 0 _aMemoria de la Comisión..., 1959-1986
260 _a[s.l.] :
_bLa Comisión,
_c1987
300 _a463 p.
_b: ilus.
590 _aBATCH-UPD
_b10
_c20130110
_lUCH01
_h2337
590 _aBATCH-UPD
_b10
_c20130410
_lUCH01
_h1626
590 _aBATCH-UPD
_b10
_c20130914
_lUCH01
_h1111
590 _aCONVERSION
_b10
_c20130109
_lUCH01
_h1337
650 1 4 _aCuenca del Río Pánuco.
_930051
901 _aBK
942 _cLIBRO
949 _a631.7 C76
_bBC
_cLIBRO
_d33724000165478
_eLIBRO
_h73104
_i77731
_mD
_si
999 _c67287
_d67287